Simple Guide to Islam (Record no. 17439)

MARC details
000 -LEADER
fixed length control field 00549nam a2200229 a 4500
020 ## - INTERNATIONAL STANDARD BOOK NUMBER
ISBN 8187570717
082 00 - DEWEY DECIMAL CLASSIFICATION NUMBER
Classification number 297
Author Cutter KHA10
100 ## - MAIN ENTRY--AUTHOR NAME
Author name Khan, Wahiduddin
245 ## - TITLE STATEMENT
Title Simple Guide to Islam
260 ## - PUBLICATION, DISTRIBUTION, ETC. (IMPRINT)
Place of publication Delhi
Name of publisher Goodword Books
Year of publication 2010
300 ## - PHYSICAL DESCRIPTION
Number of Pages 143p
500 ## - GENERAL NOTE
General note includes index and biblioraphy
650 ## - SUBJECT ADDED ENTRY--TOPICAL TERM
Topical Term Islam
942 ## - ADDED ENTRY ELEMENTS (KOHA)
Koha item type Books
700 1# -
-- Khan, Wahiduddin
Holdings
Collection code Home library Current library Date acquired Cost, normal purchase price Full call number Accession Number Koha item type
  Henry Martyn Institute Library Henry Martyn Institute Library 12/26/2013 100.00 297 KHA10 024299 Books
                   Copyright © 2026 | Henry Martyn Institute | Hyderabad | TS-500052 | INDIA | Implemented by hmi.edu.in
Hit-Count:

Powered by Koha